| 000 | 00432nam a2200157Ia 4500 | ||
|---|---|---|---|
| 008 | 230312s9999||||xx |||||||||||||| ||und|| | ||
| 020 | _a0-7506-6796-8 | ||
| 082 |
_a726.2028 _bKAH-D |
||
| 100 | _aKahera;Akel | ||
| 245 | 0 | _aDesign Criteria for Mosques and Islamic Centers | |
| 260 |
_bElsevier _aUK _c2009 |
||
| 300 | _a93 | ||
| 546 | _aEng. | ||
| 650 |
_aArchitecture _vDesign Criteria for Mosques and Islamic Centers |
||
| 942 | _cBK | ||
| 999 |
_c8274 _d8274 |
||